Diccionari de la llengua catalana / Institut d'Estudis Catalans
ISBN:
978-84-297-5977-8
Descripción Física:
LXXIII, 1762 p. ; 26 cm
Materias:
Català -- Diccionaris
MARC
| LEADER | 00000nam a2200000Ia 4500 | ||
|---|---|---|---|
| 001 | 18722 | ||
| 008 | 160829s2007 xx 000 0 cat d | ||
| 020 | |a 978-84-297-5977-8 (Edicions 62); 978-84-412-1454-5 (Enciclopèdia Catalana) | ||
| 080 | |a Sala Lectura | ||
| 110 | 2 | |a Institut d'Estudis Catalans |9 52284 | |
| 245 | |a Diccionari de la llengua catalana / Institut d'Estudis Catalans | ||
| 250 | |a 2a ed. | ||
| 260 | |a Barcelona : |b Edicions 62 : |b Enciclopèdia Catalana, |c 2007 | ||
| 300 | |a LXXIII, 1762 p. ; |c 26 cm | ||
| 650 | |a Català |x Diccionaris |9 25552 | ||
| 901 | |a Arxiu | ||
| 942 | |n 1 | ||
| 952 | |0 0 |1 0 |4 0 |6 SALA_LECTURA |7 1 |9 51649 |a Arxiu |b Arxiu |d 2016-12-01 |l 0 |o Sala Lectura |p 18722 |r 2016-12-01 00:00:00 |w 2016-12-01 |y ARXIU | ||
| 999 | |c 55494 |d 55494 | ||